Normal view
MARC view
- Asma Saeed
Entry Personal Name
001 - CONTROL NUMBER
- control field: 123842
003 - CONTROL NUMBER IDENTIFIER
- control field: NUST
005 - DATE AND TIME OF LATEST TRANSACTION
- control field: 20240627111302.0
008 - FIXED-LENGTH DATA ELEMENTS
- fixed length control field: 240627|| aca||aabn | a|a d
040 ## - CATALOGING SOURCE
- Original cataloging agency: NUST
- Transcribing agency: NUST
100 ## - HEADING--PERSONAL NAME
- Personal name: Asma Saeed
670 ## - SOURCE DATA FOUND
- Source citation: Work cat.: (NUST)233604: Asma Saeed, Microbial Evaluation And Validation Of Biomarkers For Environmental Contaminants/ , 2016.
